[Event "IECC M email"]
[Site "IECC email"]
[Date "2001.09.02"]
[Round "?"]
[White "CPI, Gel"]
[Black "Vlaar, Nick T"]
[Result "1-0"]
[WhiteElo "1480"]
[BlackElo "1406"]
[PlyCount "35"]
[EventDate "2001.??.??"]
[EventType "tourn (corr)"]
[EventRounds "6"]
[SourceTitle "Corr 2008"]
[Source "ChessBase"]
[SourceDate "2008.06.24"]
[SourceVersion "1"]
[SourceVersionDate "2008.06.24"]
[SourceQuality "1"]

1. e4 e5 2. Nf3 Nc6 3. Bb5 Bb4 4. c3 Be7 5. Bxc6 dxc6 6. Nxe5 Be6 7. 0-0 Nf6 8. d3 0-0 9. f4 Bc5+ 10. d4 Bb6 11. f5 Bd7 12. Bg5 Be8 13. Ng4 Kh8 14. e5 h6 15. Nxf6 Bxd4+ 16. cxd4 a6 17. Qh5 Qxd4+ 18. Kh1 1-0

[Event "IECC M email"]
[Site "IECC email"]
[Date "2001.08.28"]
[Round "?"]
[White "CPI, Gel"]
[Black "Collins, Steve"]
[Result "0-1"]
[WhiteElo "1500"]
[BlackElo "1625"]
[PlyCount "40"]
[EventDate "2001.??.??"]
[EventType "tourn (corr)"]
[EventRounds "6"]
[SourceTitle "Corr 2008"]
[Source "ChessBase"]
[SourceDate "2008.06.24"]
[SourceVersion "1"]
[SourceVersionDate "2008.06.24"]
[SourceQuality "1"]

1. d4 d5 2. c4 e6 3. Nc3 Nf6 4. Bg5 Be7 5. e3 h6 6. Bh4 b6 7. Nf3 Bb7 8. Qc2 0-0 9. 0-0-0 Nbd7 10. Kb1 c5 11. dxc5 bxc5 12. cxd5 exd5 13. Qb3 Nb6 14. a4 Rb8 15. a5 Nbd7 16. Bg3 Qxa5 17. Bxb8 Rxb8 18. Qa2 Qb4 19. Bb5 d4 20. Bxd7 dxc3 0-1